Normale Ansicht MARC-Ansicht ISBD

Formirovanie i razvitie rynočnogo chozjajstva v Zapadnoj Sibiri v pervoj polovine XIX v. (Titelsatznr. 16527)

[ MARC ]
MARC-Details
000 -Satzkennung
Kontrollfeld mit fester Länge 00560nam a22002171c 4500
001 - Kontrollnummer
Kontrollfeld a987663000
008 - Feld mit fester Länge zur physischen Beschreibung - Allgemeine Angaben
Kontrollfeld mit fester Länge 090209s1997 gw |||| 000u rus d
041 ## - Sprachcode
Sprachcode des Textes/der Tonspur oder des separaten Titels rus
040 ## - Katalogisierungsquelle
Übertragungsstelle RU-10907106
003 - Kontrollnummer Identifier
Kontrollfeld RU-10907106
100 1# - Haupteintragung - Personenname
Personenname Špaltykov, Vladimir P.
245 00 - Titel
Titel Formirovanie i razvitie rynočnogo chozjajstva v Zapadnoj Sibiri v pervoj polovine XIX v.
264 ## - Produktion, Veröffentlichung, Distribution, Herstellung und Urheberrechtsvermerk
Herstellungs-, Veröffentlichungs- Vertriebs-, Erzeugungsort Omsk :
Produzent, Herausgeber, Distributor, Hersteller Litograf,
Datum der Herstellung, der Veröffentlichung, des Vertriebs oder des Urheberschutzvermerks 1997
650 #0 - Nebeneintragung unter einem Schlagwort - Sachschlagwort
Sachschlagwort oder geografischer Name als Eintragungselement Wirtschaft
650 #0 - Nebeneintragung unter einem Schlagwort - Sachschlagwort
Sachschlagwort oder geografischer Name als Eintragungselement Markt
650 #0 - Nebeneintragung unter einem Schlagwort - Sachschlagwort
Sachschlagwort oder geografischer Name als Eintragungselement Statistik
650 #0 - Nebeneintragung unter einem Schlagwort - Sachschlagwort
Sachschlagwort oder geografischer Name als Eintragungselement Preise
651 #0 - Nebeneintragung unter einem Schlagwort - Geografischer Name
Geografischer Name Sibirien
651 #0 - Nebeneintragung unter einem Schlagwort - Geografischer Name
Geografischer Name Westsibirien
942 ## - Zusätzliche Felder (Koha)
Koha-Medientyp Monographien
Exemplare
Ausgeschieden Verloren Klassifikation oder Aufstellungssystematik Beschädigt Nicht entleihbar Heimatbibliothek Aufenthaltsbibliothek Aufstellungsort Erwerbungsdatum Inventarnummer Signatur Barcode Letzte Aktivität Preis gültig von Koha-Medientyp
    Andere/Generische Klassifikation     MWN Osteuropa MWN Osteuropa Magazin - 2 09/02/2009 09-01340 R 53 q Spa E004015078FBB1E5 23/02/2021 22/03/2021 Monographien